[Event "Oberliga Ost A 2023 2024"]
[Site "?"]
[Date "2023.10.22"]
[Round "1.3"]
[Board "7"]
[White "Ozeran, Volodymyr"]
[Black "Marnyuk, Serhiy"]
[Result "1-0"]
[WhiteElo "2082"]
[BlackElo "1730"]
[PlyCount "43"]
[EventDate "2023.10.22"]
[EventType "team-tourn"]
[EventCountry "GER"]
[WhiteTeam "Dessau SK"]
[BlackTeam "Magdeburg SG Aufbau Elbe II"]
[WhiteTeamCountry "GER"]
[BlackTeamCountry "GER"]

1. d4 c5 2. Nf3 cxd4 3. Nxd4 Nf6 4. c4 Nc6 5. Nc3 a6 6. g3 e6 7. Bg2 Be7 8. O-O O-O 9. b3 Qc7 10. Bb2 d6 11. Rc1 Ne5 12. Qd2 Rb8 13. f4 Ned7 14. h3 Nc5 15. Kh2 e5 16. Nc2 exf4 17. Qxf4 Ne6 18. Qf2 Qc5 19. Ne3 Qg5 20. Ncd5 Nxd5 21. Nxd5 Bd8 22. Qa7 1-0

[Event "Oberliga Ost A 2023 2024"]
[Site "?"]
[Date "2023.10.22"]
[Round "1.3"]
[Board "8"]
[White "Dornheim, Carl Friedrich"]
[Black "Schaefer, Sven"]
[Result "1/2-1/2"]
[WhiteElo "1233"]
[BlackElo "1979"]
[PlyCount "84"]
[EventDate "2023.10.22"]
[EventType "team-tourn"]
[EventCountry "GER"]
[WhiteTeam "Magdeburg SG Aufbau Elbe II"]
[BlackTeam "Dessau SK"]
[WhiteTeamCountry "GER"]
[BlackTeamCountry "GER"]

1. c4 Nf6 2. Nc3 g6 3. g3 Bg7 4. Bg2 d6 5. d4 O-O 6. e4 Nfd7 7. Nf3 a5 8. O-O Na6 9. Be3 e5 10. d5 Nac5 11. Qc2 f5 12. exf5 Rxf5 13. Nd2 Rf8 14. Nb5 b6 15. Ne4 Nxe4 16. Bxe4 Nc5 17. Bxc5 bxc5 18. Rad1 Rf7 19. Qd2 Qf8 20. Kg2 Bg4 21. Rb1 Bh6 22. Qd3 Qc8 23. Kg1 Bh3 24. Rfe1 Qf8 25. Qc2 Qe7 26. a3 Raf8 27. f3 Rf6 28. Qc3 Qf7 29. Rbd1 Bg5 30. Rd3 Ra8 31. Kf2 h5 32. Rg1 Bg4 33. Kg2 Bc8 34. Rf1 h4 35. Rh1 h3+ 36. Kf2 Bg4 37. Rg1 Bf5 38. Re1 Bc8 39. Rg1 Kg7 40. Rc1 Kh7 41. Rg1 Bf5 42. Re1 Bc8 1/2-1/2

[Event "Oberliga Ost A 2023 2024"]
[Site "?"]
[Date "2023.10.22"]
[Round "1.4"]
[Board "1"]
[White "Mueller, Frank"]
[Black "Stein, Robert"]
[Result "0-1"]
[WhiteElo "2271"]
[BlackElo "2426"]
[PlyCount "86"]
[EventDate "2023.10.22"]
[EventType "team-tourn"]
[EventCountry "GER"]
[WhiteTeam "Leipzig VfB"]
[BlackTeam "Loeberitz SG"]
[WhiteTeamCountry "GER"]
[BlackTeamCountry "GER"]

1. Nf3 d5 2. d4 e6 3. e3 Nf6 4. Bd3 Bd6 5. O-O O-O 6. b3 b6 7. Bb2 Bb7 8. Nbd2 c5 9. Ne5 Qe7 10. f4 Ne4 11. Nxe4 dxe4 12. Bc4 Nc6 13. f5 Bxe5 14. dxe5 exf5 15. Rxf5 g6 16. Qg4 Bc8 17. Rxf7 Rxf7 18. Qxe4 Bb7 19. Bxf7+ Qxf7 20. Rf1 Nd4 21. Rxf7 Bxe4 22. e6 Nxe6 23. Re7 Bxc2 24. Rxe6 Kf7 25. Rc6 Rd8 26. Rf6+ Ke7 27. Rf2 Rd1+ 28. Rf1 Rxf1+ 29. Kxf1 a5 30. Bc3 Ke6 31. Ke2 Bb1 32. a3 Bc2 33. b4 cxb4 34. axb4 a4 35. Kf3 Kd5 36. Ke2 Kc4 37. Kd2 Be4 38. g3 b5 39. Bd4 Kxb4 40. Kc1 Kb3 41. Be5 b4 42. Bd6 a3 43. Be7 Ka4 0-1

[Event "Oberliga Ost A 2023 2024"]
[Site "?"]
[Date "2023.10.22"]
[Round "1.4"]
[Board "2"]
[White "Schuetze, Norman"]
[Black "Englert, Luca"]
[Result "1/2-1/2"]
[WhiteElo "2285"]
[BlackElo "2054"]
[PlyCount "113"]
[EventDate "2023.10.22"]
[EventType "team-tourn"]
[EventCountry "GER"]
[WhiteTeam "Loeberitz SG"]
[BlackTeam "Leipzig VfB"]
[WhiteTeamCountry "GER"]
[BlackTeamCountry "GER"]

1. e4 c5 2. Nf3 d6 3. d4 cxd4 4. Nxd4 Nf6 5. Nc3 a6 6. Bg5 Nbd7 7. Bc4 h6 8. Bh4 Nb6 9. Bb3 e6 10. Qe2 Be7 11. O-O-O Qc7 12. f4 Nxe4 13. Qxe4 Bxh4 14. Nf5 d5 15. Bxd5 O-O 16. Nxh4 exd5 17. Qd4 Re8 18. g4 Qe7 19. Rhe1 Qxe1 20. Rxe1 Rxe1+ 21. Kd2 Rh1 22. Qxb6 Rxh2+ 23. Kc1 Bxg4 24. b3 Rxh4 25. Nxd5 Re8 26. Qxb7 Rh2 27. Qxa6 h5 28. Qb6 Rhe2 29. Kb2 Bf5 30. a4 h4 31. Qg1 Rxc2+ 32. Ka3 Kf8 33. Ne3 Rxe3 34. Qxe3 h3 35. Qe5 Bd7 36. Qd6+ Ke8 37. Qb8+ Ke7 38. Qe5+ Kd8 39. Qa5+ Ke8 40. Qa8+ Rc8 41. Qe4+ Kf8 42. Qh7 g6 43. a5 Rc5 44. Qh8+ Ke7 45. Qh4+ f6 46. Qh7+ Kd6 47. b4 Rc3+ 48. Kb2 Rg3 49. Qh4 Rg2+ 50. Kc3 Be6 51. Qxf6 Rg3+ 52. Kd4 h2 53. Qd8+ Bd7 54. Qf6+ Be6 55. Qd8+ Bd7 56. Qf6+ Be6 57. Qd8+ 1/2-1/2

[Event "Oberliga Ost A 2023 2024"]
[Site "?"]
[Date "2023.10.22"]
[Round "1.4"]
[Board "3"]
[White "Heinrich, Thomas"]
[Black "Pallas, Sebastian"]
[Result "0-1"]
[WhiteElo "2203"]
[BlackElo "2193"]
[PlyCount "112"]
[EventDate "2023.10.22"]
[EventType "team-tourn"]
[EventCountry "GER"]
[WhiteTeam "Leipzig VfB"]
[BlackTeam "Loeberitz SG"]
[WhiteTeamCountry "GER"]
[BlackTeamCountry "GER"]

1. c4 Nf6 2. Nc3 d5 3. cxd5 Nxd5 4. g3 g6 5. Bg2 Nb6 6. Nf3 Bg7 7. O-O Nc6 8. d3 O-O 9. Bd2 Re8 10. Rc1 e5 11. a3 Nd4 12. Re1 c6 13. Ne4 Nd5 14. Nxd4 exd4 15. Qc2 Qe7 16. Qc5 Be6 17. Qxe7 Rxe7 18. Nc5 Rd8 19. Nxe6 Rxe6 20. Kf1 Nb6 21. Rc2 Bf8 22. h4 Re5 23. Bf3 Rb5 24. g4 Be7 25. g5 f6 26. a4 Nxa4 27. Ra1 Nb6 28. Rxa7 Nd5 29. Ra5 Rxa5 30. Bxa5 Rd7 31. Bd2 fxg5 32. hxg5 Nc7 33. Bg4 Rd5 34. Bf4 Bd6 35. Bd2 Kf7 36. Rc4 Ne6 37. Ra4 Be7 38. Ra7 Rb5 39. Bc1 Rc5 40. Bxe6+ Kxe6 41. Bf4 Rb5 42. Ra4 c5 43. Bc1 Kf5 44. f4 Bd6 45. Ra8 Kg4 46. Re8 Ra5 47. Kg2 Ra1 48. Bd2 Rd1 49. Ba5 Bxf4 50. Re7 Be3 51. Rxb7 Rg1+ 52. Kh2 Rf1 53. Rxh7 Rf2+ 54. Kh1 Rxe2 55. Bb6 Bf4 56. Kg1 Kf3 0-1

[Event "Oberliga Ost A 2023 2024"]
[Site "?"]
[Date "2023.10.22"]
[Round "1.4"]
[Board "4"]
[White "Ter Avetisjana, Agnesa Stepania"]
[Black "Geiling, Christian"]
[Result "0-1"]
[WhiteElo "2141"]
[BlackElo "2173"]
[PlyCount "104"]
[EventDate "2023.10.22"]
[EventType "team-tourn"]
[EventCountry "GER"]
[WhiteTeam "Loeberitz SG"]
[BlackTeam "Leipzig VfB"]
[WhiteTeamCountry "GER"]
[BlackTeamCountry "GER"]

1. e4 d6 2. d4 Nf6 3. Nc3 g6 4. Nf3 Bg7 5. Be3 O-O 6. Qd2 Bg4 7. Bh6 Bxh6 8. Qxh6 Bxf3 9. gxf3 e5 10. O-O-O Nc6 11. dxe5 Nxe5 12. Be2 Kh8 13. Rhg1 Ng8 14. Qh3 Qd7 15. Qg3 Rae8 16. f4 Nc6 17. f5 Nf6 18. h4 Nxe4 19. Nxe4 Rxe4 20. Qc3+ Ne5 21. f4 Rxe2 22. fxe5 Qc6 23. Qxc6 bxc6 24. exd6 cxd6 25. Rxd6 c5 26. Rf1 Kg7 27. fxg6 hxg6 28. h5 g5 29. h6+ Kh7 30. Rf5 g4 31. Rg5 Rg8 32. Rdd5 Rxg5 33. Rxg5 Re4 34. Rg7+ Kxh6 35. Rxf7 g3 36. Rf1 g2 37. Rg1 Re2 38. a3 Kg5 39. b4 Kf4 40. Kb2 cxb4 41. axb4 Kg3 42. Kb3 Kf2 43. Rxg2+ Kxg2 44. c4 Kf3 45. Ka4 Ke4 46. Kb5 Kd4 47. c5 Kd5 48. Ka6 Kc6 49. Kxa7 Rb2 50. Ka8 Kc7 51. b5 Rxb5 52. Ka7 Ra5# 0-1

[Event "Oberliga Ost A 2023 2024"]
[Site "?"]
[Date "2023.10.22"]
[Round "1.4"]
[Board "5"]
[White "Rohne, Lars"]
[Black "Berzina, Ilze"]
[Result "1/2-1/2"]
[WhiteElo "2119"]
[BlackElo "2175"]
[PlyCount "83"]
[EventDate "2023.10.22"]
[EventType "team-tourn"]
[EventCountry "GER"]
[WhiteTeam "Leipzig VfB"]
[BlackTeam "Loeberitz SG"]
[WhiteTeamCountry "GER"]
[BlackTeamCountry "GER"]

1. e4 c6 2. d4 d5 3. e5 c5 4. dxc5 Nc6 5. Nf3 Bg4 6. Be2 e6 7. a3 Bxc5 8. Nbd2 a5 9. O-O Nge7 10. h3 Bxf3 11. Nxf3 Ng6 12. Bb5 O-O 13. Bxc6 bxc6 14. Qe2 Nh4 15. Ne1 Nf5 16. Kh2 f6 17. Nd3 Bb6 18. c3 fxe5 19. Nxe5 Bc7 20. Bd2 c5 21. g3 Nd6 22. Bf4 Ne4 23. f3 Nd6 24. Nd3 Re8 25. Nxc5 e5 26. Bxe5 Nc4 27. f4 Nxe5 28. fxe5 Rxe5 29. Qf2 Qd6 30. Nd3 Rg5 31. Qf7+ Kh8 32. Nf4 Rb8 33. b4 h6 34. Rae1 Qc6 35. Rf3 d4 36. Ne6 Bxg3+ 37. Rxg3 Rxg3 38. Kxg3 Qxc3+ 39. Kf2 d3 40. Qxg7+ Qxg7 41. Nxg7 Kxg7 42. Rd1 1/2-1/2

[Event "Oberliga Ost A 2023 2024"]
[Site "?"]
[Date "2023.10.22"]
[Round "1.4"]
[Board "6"]
[White "Boehm, Christian"]
[Black "Just, Wolfgang"]
[Result "1/2-1/2"]
[WhiteElo "2070"]
[BlackElo "2082"]
[PlyCount "95"]
[EventDate "2023.10.22"]
[EventType "team-tourn"]
[EventCountry "GER"]
[WhiteTeam "Loeberitz SG"]
[BlackTeam "Leipzig VfB"]
[WhiteTeamCountry "GER"]
[BlackTeamCountry "GER"]

1. e4 e6 2. d4 d5 3. Nc3 dxe4 4. Nxe4 Bd7 5. Nf3 Bc6 6. Bd3 Bxe4 7. Bxe4 c6 8. O-O Nf6 9. Bd3 Bd6 10. c4 Nbd7 11. Re1 O-O 12. Bd2 Qc7 13. Bc3 Rad8 14. Qe2 c5 15. dxc5 Bxc5 16. Ne5 Nxe5 17. Bxe5 Qe7 18. Rad1 g6 19. Bc2 Bd6 20. Rxd6 Rxd6 21. Qf3 Ne8 22. Bxd6 Nxd6 23. Qa3 Qc7 24. c5 Nc8 25. Be4 Rd8 26. g3 Qe5 27. Re3 Qc7 28. h4 h5 29. Qc3 Ne7 30. b4 Nd5 31. Bxd5 Rxd5 32. Rd3 Rxd3 33. Qxd3 Kf8 34. a4 Ke7 35. Qd4 Qd7 36. Qe4 a6 37. Qc2 Qd5 38. b5 axb5 39. axb5 Kd7 40. Qc3 e5 41. Qa3 Qd1+ 42. Kg2 Qd5+ 43. Kh2 Ke6 44. Kg1 Qc4 45. b6 Qd5 46. Qa8 Qd7 47. Qa2+ Qd5 48. Qa8 1/2-1/2

[Event "Oberliga Ost A 2023 2024"]
[Site "?"]
[Date "2023.10.22"]
[Round "1.4"]
[Board "7"]
[White "Schoen, Florian"]
[Black "Deutsch, Joey"]
[Result "1/2-1/2"]
[WhiteElo "1836"]
[BlackElo "1975"]
[PlyCount "94"]
[EventDate "2023.10.22"]
[EventType "team-tourn"]
[EventCountry "GER"]
[WhiteTeam "Leipzig VfB"]
[BlackTeam "Loeberitz SG"]
[WhiteTeamCountry "GER"]
[BlackTeamCountry "GER"]

1. e4 c6 2. d4 d5 3. exd5 cxd5 4. Bd3 Nc6 5. c3 Qc7 6. Ne2 Bg4 7. f3 Bh5 8. Bf4 Qd7 9. Bg3 Bg6 10. Bxg6 hxg6 11. O-O e6 12. Nd2 Nge7 13. Be5 Nf5 14. Re1 Nxe5 15. dxe5 Bc5+ 16. Nd4 Nxd4 17. cxd4 Bxd4+ 18. Kh1 Bb6 19. f4 Rc8 20. Qb3 Ba5 21. Red1 Bxd2 22. Rxd2 O-O 23. Qh3 Rc4 24. Rad1 Rfc8 25. Qe3 b6 26. h3 Qb7 27. Qf2 Qa6 28. b3 Rc1 29. Kh2 Rxd1 30. Rxd1 Qb5 31. Qb2 Qc5 32. Rf1 a5 33. Rf3 b5 34. Qd2 b4 35. Qe2 Qc6 36. h4 a4 37. Rh3 axb3 38. Rxb3 Qc4 39. Qd2 Rb8 40. Rb2 Qb5 41. Qc2 Qc4 42. Qd2 Qe4 43. Rc2 b3 44. Rb2 Qc4 45. axb3 Rxb3 46. Rc2 Qa6 47. Qc1 Rb7 1/2-1/2

[Event "Oberliga Ost A 2023 2024"]
[Site "?"]
[Date "2023.10.22"]
[Round "1.4"]
[Board "8"]
[White "Schaefer, Reyk"]
[Black "Collini, Carsten"]
[Result "1/2-1/2"]
[WhiteElo "2102"]
[BlackElo "2104"]
[PlyCount "70"]
[EventDate "2023.10.22"]
[EventType "team-tourn"]
[EventCountry "GER"]
[WhiteTeam "Loeberitz SG"]
[BlackTeam "Leipzig VfB"]
[WhiteTeamCountry "GER"]
[BlackTeamCountry "GER"]

1. Nf3 Nf6 2. c4 c5 3. g3 Nc6 4. d4 cxd4 5. Nxd4 Qb6 6. Nb3 e6 7. Bg2 Bb4+ 8. Bd2 Bxd2+ 9. N1xd2 d5 10. O-O O-O 11. Rc1 Ne5 12. Qc2 Bd7 13. c5 Qb4 14. Qc3 Qxc3 15. Rxc3 Nc6 16. f4 Rac8 17. Nf3 Ne4 18. Rcc1 Rfd8 19. Rfd1 Kf8 20. a3 Ke7 21. Nfd4 Nxd4 22. Rxd4 Nf6 23. Rd2 b6 24. cxb6 Rxc1+ 25. Nxc1 axb6 26. Nb3 Rc8 27. h3 Ne8 28. e4 dxe4 29. Bxe4 Nd6 30. Bd3 Bc6 31. Rc2 Bd5 32. Rxc8 Nxc8 33. Nd4 Nd6 34. Kf2 Nc4 35. Bxc4 Bxc4 1/2-1/2

[Event "Oberliga Ost A 2023 2024"]
[Site "?"]
[Date "2023.10.22"]
[Round "1.5"]
[Board "1"]
[White "Teske, Henrik"]
[Black "Zaehringer, Daniel"]
[Result "1/2-1/2"]
[WhiteElo "2456"]
[BlackElo "2148"]
[PlyCount "155"]
[EventDate "2023.10.22"]
[EventType "team-tourn"]
[EventCountry "GER"]
[WhiteTeam "Erfurt SV Empor"]
[BlackTeam "Plauen SK Koenig"]
[WhiteTeamCountry "GER"]
[BlackTeamCountry "GER"]

1. c4 c6 2. Nf3 d5 3. g3 Nf6 4. Bg2 dxc4 5. O-O Nbd7 6. a4 a5 7. Na3 Nb6 8. Qc2 Nfd5 9. Nxc4 Nb4 10. Qc3 Nxc4 11. Qxc4 Be6 12. Qc3 Nd5 13. Qc5 Qd6 14. Qxd6 exd6 15. Nd4 Nb4 16. Ra3 Bd7 17. Re3+ Kd8 18. b3 d5 19. Bb2 Bd6 20. Rf3 f6 21. Nf5 Bxf5 22. Rxf5 Re8 23. Bf3 Be5 24. d4 Bd6 25. g4 Kc7 26. h4 Re6 27. g5 g6 28. Rxf6 Rxf6 29. gxf6 Rf8 30. Kg2 Rxf6 31. Rh1 h6 32. Bc1 Bf4 33. e3 Bd6 34. Be2 Bf8 35. Bd2 Kd8 36. Rh3 Ke8 37. Rg3 Kf7 38. f3 Bd6 39. Rh3 Kg7 40. Rh1 Re6 41. Kf2 Be7 42. h5 g5 43. Rg1 Kf8 44. Rg4 Bf6 45. Bf1 b6 46. f4 gxf4 47. Rxf4 Ke7 48. Kf3 Bg5 49. Rf5 Nc2 50. Rxg5 hxg5 51. Bd3 Rf6+ 52. Kg3 Nb4 53. Be2 Kf7 54. e4 dxe4 55. Bxg5 Rd6 56. Bc4+ Nd5 57. Kg4 Kg7 58. Kf5 e3 59. Ke5 Rd7 60. Bd3 Rf7 61. h6+ Kh8 62. Bh4 Nf4 63. Bf5 Ng2 64. Bg3 e2 65. Ke6 Rxf5 66. Kxf5 e1=Q 67. Bxe1 Nxe1 68. Ke5 Nc2 69. d5 cxd5 70. Kxd5 Kh7 71. Kc6 Nd4+ 72. Kxb6 Nxb3 73. Kb5 Kxh6 74. Kc4 Nc1 75. Kb5 Nb3 76. Kc4 Nc1 77. Kb5 Nb3 78. Kc4 1/2-1/2

[Event "Oberliga Ost A 2023 2024"]
[Site "?"]
[Date "2023.10.22"]
[Round "1.5"]
[Board "3"]
[White "Langheinrich, Ferenc"]
[Black "Kuraszkiewicz, Michael"]
[Result "1/2-1/2"]
[WhiteElo "2351"]
[BlackElo "2269"]
[PlyCount "93"]
[EventDate "2023.10.22"]
[EventType "team-tourn"]
[EventCountry "GER"]
[WhiteTeam "Erfurt SV Empor"]
[BlackTeam "Plauen SK Koenig"]
[WhiteTeamCountry "GER"]
[BlackTeamCountry "GER"]

1. Nf3 d5 2. g3 Bg4 3. Bg2 Nd7 4. d4 e6 5. O-O Ngf6 6. Nbd2 Be7 7. Re1 O-O 8. e4 dxe4 9. Nxe4 c6 10. Nxf6+ Bxf6 11. c3 Re8 12. Qb3 Qb6 13. Bf4 Rad8 14. Ne5 Nxe5 15. Bxe5 Bxe5 16. Rxe5 Bf5 17. Rae1 Qxb3 18. axb3 Kf8 19. Ra5 a6 20. f4 Bc2 21. b4 h6 22. Kf2 Re7 23. g4 Rc7 24. h4 Bd3 25. Ke3 Bc4 26. Ra3 Bd5 27. Bh3 f5 28. gxf5 exf5 29. Kd2 Re7 30. Bxf5 Rxe1 31. Kxe1 Re8+ 32. Kd2 Bc4 33. Bd3 Bxd3 34. Kxd3 Re1 35. Ra5 Rf1 36. Rf5+ Ke7 37. h5 b5 38. b3 Rf3+ 39. Kd2 Rh3 40. d5 cxd5 41. Rxd5 Ke6 42. Rc5 Kd6 43. Ke2 Kd7 44. c4 Rxb3 45. cxb5 Rxb4 46. bxa6 Ra4 47. Kf3 1/2-1/2

[Event "Oberliga Ost A 2023 2024"]
[Site "?"]
[Date "2023.10.22"]
[Round "1.5"]
[Board "4"]
[White "Hoerr, Matthias"]
[Black "Urban, Lars"]
[Result "0-1"]
[WhiteElo "2095"]
[BlackElo "2198"]
[PlyCount "170"]
[EventDate "2023.10.22"]
[EventType "team-tourn"]
[EventCountry "GER"]
[WhiteTeam "Plauen SK Koenig"]
[BlackTeam "Erfurt SV Empor"]
[WhiteTeamCountry "GER"]
[BlackTeamCountry "GER"]

1. e4 e6 2. d4 d5 3. Nd2 c5 4. exd5 Qxd5 5. Ngf3 cxd4 6. Bc4 Qd7 7. O-O Nc6 8. Nb3 Nf6 9. Nbxd4 Nxd4 10. Nxd4 a6 11. Re1 b5 12. Bf1 Bb7 13. Bf4 Be7 14. a4 b4 15. Qd3 O-O 16. Rad1 Qxa4 17. Qh3 Rfd8 18. Be5 Qa5 19. Bd3 h6 20. Nxe6 Bxg2 21. Qxg2 fxe6 22. Bc4 Rxd1 23. Qxa8+ Qd8 24. Qxd8+ Rxd8 25. Bc7 Rd2 26. Bb3 Bc5 27. Rxe6 Kh7 28. Bg3 Ng4 29. Rc6 Bxf2+ 30. Bxf2 Nxf2 31. Rxa6 Nh3+ 32. Kf1 Rxh2 33. Rb6 g5 34. Rxb4 h5 35. Be6 Nf4 36. Bf5+ Kg7 37. Rb6 g4 38. Bxg4 hxg4 39. Rb4 Rh1+ 40. Kf2 Nh3+ 41. Kg3 Rg1+ 42. Kh4 Nf2 43. Rf4 g3 44. b4 Kh6 45. Rf6+ Kg7 46. Rf4 Rg2 47. c3 Nh1 48. Rf1 Nf2 49. b5 Ne4 50. Re1 Nxc3 51. Kh3 Rb2 52. Kxg3 Rxb5 53. Re3 Rc5 54. Rd3 Kf6 55. Kf3 Kf5 56. Ke3 Ke5 57. Kf3 Nd5 58. Ra3 Rc4 59. Rd3 Rf4+ 60. Kg3 Nf6 61. Rd8 Ne4+ 62. Kg2 Rf5 63. Rd1 Rf2+ 64. Kh3 Kf4 65. Rd4 Rb2 66. Ra4 Rc2 67. Rb4 Ra2 68. Rc4 Kf3 69. Rb4 Nf2+ 70. Kh4 Ra5 71. Rb3+ Kf4 72. Rb4+ Ne4 73. Rb8 Rg5 74. Rf8+ Ke3 75. Rf7 Rg1 76. Kh5 Nd6 77. Rf6 Ne4 78. Rf7 Ng3+ 79. Kh4 Ke4 80. Kh3 Ne2 81. Re7+ Kf3 82. Kh4 Rg4+ 83. Kh3 Nf4+ 84. Kh2 Rh4+ 85. Kg1 Ne2+ 0-1

[Event "Oberliga Ost A 2023 2024"]
[Site "?"]
[Date "2023.10.22"]
[Round "1.5"]
[Board "5"]
[White "Heinke, Jasper"]
[Black "Sandner, Gunter"]
[Result "1-0"]
[WhiteElo "2026"]
[BlackElo "2230"]
[PlyCount "101"]
[EventDate "2023.10.22"]
[EventType "team-tourn"]
[EventCountry "GER"]
[WhiteTeam "Erfurt SV Empor"]
[BlackTeam "Plauen SK Koenig"]
[WhiteTeamCountry "GER"]
[BlackTeamCountry "GER"]

1. e4 g6 2. d4 Bg7 3. Nc3 a6 4. Be3 b5 5. Qd2 Bb7 6. f3 d6 7. h4 h5 8. Nh3 Nd7 9. Ng5 c5 10. dxc5 Nxc5 11. Bd4 Bxd4 12. Qxd4 e5 13. Qd2 f6 14. Nh3 Qd7 15. O-O-O O-O-O 16. Nf2 Ne7 17. Nd3 Nxd3+ 18. Bxd3 Qe6 19. Qe2 Nc6 20. a4 Nd4 21. Qf1 b4 22. Bc4 Qd7 23. Nd5 Bxd5 24. Bxd5 Qxa4 25. Qc4+ Kb8 26. Rxd4 exd4 27. Qxd4 Qa5 28. Kb1 Rhf8 29. Rd1 Qc5 30. Qd3 Ka7 31. Re1 Rc8 32. Qd1 Rc7 33. Re2 Rb8 34. Rd2 Rb6 35. Bb3 Qe5 36. Rd5 Qf4 37. Qd4 g5 38. hxg5 fxg5 39. Bc4 Qg3 40. Ka2 h4 41. Ra5 Rcc6 42. Qg7+ Kb8 43. Qh8+ Rc8 44. Qd4 Rc5 45. Rxc5 dxc5 46. Qd8+ Ka7 47. Qe7+ Kb8 48. e5 Qf2 49. Bd5 b3+ 50. cxb3 Rb4 51. Qd8+ 1-0

[Event "Oberliga Ost A 2023 2024"]
[Site "?"]
[Date "2023.10.22"]
[Round "1.5"]
[Board "6"]
[White "Fischer, Erik"]
[Black "Michalowski, Peter"]
[Result "1/2-1/2"]
[WhiteElo "2058"]
[BlackElo "2059"]
[PlyCount "63"]
[EventDate "2023.10.22"]
[EventType "team-tourn"]
[EventCountry "GER"]
[WhiteTeam "Plauen SK Koenig"]
[BlackTeam "Erfurt SV Empor"]
[WhiteTeamCountry "GER"]
[BlackTeamCountry "GER"]

1. e4 c5 2. Nf3 d6 3. d4 cxd4 4. Nxd4 Nf6 5. Nc3 a6 6. h3 g6 7. Be3 Bg7 8. Qd2 O-O 9. O-O-O b5 10. f3 Bb7 11. h4 Nc6 12. h5 Nxd4 13. Bxd4 Rc8 14. g4 b4 15. Nd5 Bxd5 16. exd5 Qa5 17. Kb1 Qxd5 18. hxg6 hxg6 19. g5 Nh5 20. Bxg7 Qxd2 21. Rxd2 Kxg7 22. Bxa6 Rc5 23. Rd4 Ra8 24. Bb7 Rb8 25. Bd5 e6 26. Bb3 Rxg5 27. Rxd6 Rf5 28. Rd7 Kf6 29. Rh3 Re5 30. a4 bxa3 31. bxa3 Rf5 32. Kb2 1/2-1/2

[Event "Oberliga Ost A 2023 2024"]
[Site "?"]
[Date "2023.10.22"]
[Round "1.5"]
[Board "7"]
[White "Wiemers, Holger"]
[Black "Pfretzschner, Roland"]
[Result "1/2-1/2"]
[WhiteElo "2048"]
[BlackElo "2139"]
[PlyCount "53"]
[EventDate "2023.10.22"]
[EventType "team-tourn"]
[EventCountry "GER"]
[WhiteTeam "Erfurt SV Empor"]
[BlackTeam "Plauen SK Koenig"]
[WhiteTeamCountry "GER"]
[BlackTeamCountry "GER"]

1. d4 Nf6 2. Bg5 e6 3. Nf3 h6 4. Bh4 c5 5. c3 b6 6. e3 Bb7 7. Nbd2 Be7 8. Bd3 d6 9. O-O Nbd7 10. a4 g5 11. Bg3 g4 12. Ne1 h5 13. Bh4 Nh7 14. Bxe7 Qxe7 15. Be4 Ndf6 16. Bxb7 Qxb7 17. dxc5 dxc5 18. Nc4 Qc6 19. Qd6 Qxd6 20. Nxd6+ Ke7 21. Nc4 Rad8 22. Nc2 Rd5 23. Rfd1 Rhd8 24. Rxd5 exd5 25. Ne5 Ke6 26. Nd3 Kd6 27. a5 1/2-1/2

[Event "Oberliga Ost A 2023 2024"]
[Site "?"]
[Date "2023.10.22"]
[Round "1.5"]
[Board "8"]
[White "Melestean, Timur"]
[Black "Nicolai, Tim"]
[Result "1/2-1/2"]
[WhiteElo "1884"]
[BlackElo "2048"]
[PlyCount "119"]
[EventDate "2023.10.22"]
[EventType "team-tourn"]
[EventCountry "GER"]
[WhiteTeam "Plauen SK Koenig"]
[BlackTeam "Erfurt SV Empor"]
[WhiteTeamCountry "GER"]
[BlackTeamCountry "GER"]

1. d4 f5 2. c4 Nf6 3. g3 g6 4. Bg2 Bg7 5. Nf3 O-O 6. O-O d6 7. Nc3 Nc6 8. d5 Ne5 9. Nxe5 dxe5 10. Qb3 h6 11. c5 Kh7 12. Bd2 a6 13. Na4 e4 14. Ba5 Qxd5 15. Bxc7 Qxb3 16. axb3 Nd5 17. Ba5 Be6 18. Rfd1 Rac8 19. Rd2 Nf6 20. b4 Ng4 21. f3 Ne3 22. fxe4 Nxg2 23. exf5 Rxf5 24. Kxg2 Bd5+ 25. Kg1 Rcf8 26. Nc3 Bc6 27. e3 h5 28. Re2 Be5 29. Rd2 Bg7 30. Re1 Bh6 31. Rde2 Rf3 32. Bc7 R8f6 33. e4 Rf7 34. Be5 Rd3 35. Rd1 Be3+ 36. Kg2 Rxd1 37. Nxd1 Bxe4+ 38. Kh3 Bf5+ 39. Kg2 Be4+ 40. Kh3 Bf5+ 41. Kg2 Bg5 42. Nf2 Bd7 43. h4 Bb5 44. Ne4 Bxh4 45. Rf2 Rxf2+ 46. Kxf2 Bc6 47. gxh4 Bxe4 48. Ke3 Bc6 49. Bf4 Kg7 50. Bg5 e5 51. Bd8 Kf7 52. Bg5 Ke6 53. Bd8 Kd5 54. Bf6 Ke6 55. Bg5 Kd5 56. Bf6 Kc4 57. Bxe5 Kxb4 58. Bd6 Kb3 59. Be5 Kc4 60. Bd6 1/2-1/2

[Event "Oberliga Ost A 2023 2024"]
[Site "?"]
[Date "2023.10.22"]
[Round "1.6"]
[Board "1"]
[White "Mazur, Stefan"]
[Black "Pulpan, Jakub"]
[Result "0-1"]
[WhiteElo "2460"]
[BlackElo "2386"]
[PlyCount "186"]
[EventDate "2023.10.22"]
[EventType "team-tourn"]
[EventCountry "GER"]
[WhiteTeam "Reichenbrand SV Eiche"]
[BlackTeam "Aue ESV Nickelhuette II"]
[WhiteTeamCountry "GER"]
[BlackTeamCountry "GER"]

1. e4 e5 2. Nf3 Nc6 3. Bb5 a6 4. Ba4 Nf6 5. O-O Nxe4 6. d4 Be7 7. Re1 b5 8. Rxe4 d5 9. Nxe5 Nxe5 10. Rxe5 bxa4 11. Qe2 c6 12. Nc3 Ra7 13. Bf4 a3 14. bxa3 O-O 15. Re1 Bxa3 16. Re8 Qf6 17. Qe3 Bd7 18. Rxf8+ Bxf8 19. Rb1 Ra8 20. Bb8 Qg6 21. Rb2 Bf5 22. Na4 Bxc2 23. Nc5 Bxc5 24. dxc5 Qe4 25. Qxe4 dxe4 26. f3 e3 27. Bf4 e2 28. Kf2 Bd3 29. a4 f6 30. Rb8+ Rxb8 31. Bxb8 Kf7 32. a5 Ke6 33. Bc7 Kd5 34. Bb6 Kd4 35. Ba7 Bc4 36. Bb6 Kd3 37. Ke1 Ke3 38. Bc7 Bb5 39. Bd6 Bc4 40. Bc7 g6 41. Bd8 f5 42. Bf6 Kd3 43. Be5 Kc2 44. Bf6 Bb5 45. Be5 Kb3 46. Bc7 Kb4 47. Bb6 Kc3 48. Bd8 Bc4 49. Bc7 Kd4 50. Bb6 Ke3 51. Bd8 f4 52. Bf6 Bd5 53. Bg5 Bc4 54. Bf6 Bb5 55. Bg7 Kd3 56. Be5 Kc4 57. Bxf4 Kxc5 58. Bc7 Kb4 59. f4 h5 60. g3 Kc5 61. h3 Kd5 62. g4 hxg4 63. hxg4 Ke4 64. Bd6 Kf3 65. f5 g5 66. f6 Bc4 67. Be7 Kxg4 68. f7 Bxf7 69. Kxe2 Kf4 70. Bd6+ Ke4 71. Be7 g4 72. Bd6 Bc4+ 73. Kd2 Kf3 74. Bc5 Bb5 75. Bb6 Ke4 76. Kc3 Kf4 77. Kd2 Kf3 78. Bc5 g3 79. Ke1 Kg2 80. Bd6 Bc4 81. Bc7 Bd3 82. Bd6 Bf5 83. Ke2 Bg4+ 84. Ke3 Bh5 85. Bc7 c5 86. Bd6 c4 87. Be5 Kh3 88. Bd6 g2 89. Kf2 c3 90. Bc5 c2 91. Be3 c1=Q 92. Bxc1 Kh2 93. Bf4+ Kh1 0-1

[Event "Oberliga Ost A 2023 2024"]
[Site "?"]
[Date "2023.10.22"]
[Round "1.6"]
[Board "2"]
[White "Eichner, Sebastian"]
[Black "Bures, Jaroslav"]
[Result "0-1"]
[WhiteElo "2310"]
[BlackElo "2417"]
[PlyCount "68"]
[EventDate "2023.10.22"]
[EventType "team-tourn"]
[EventCountry "GER"]
[WhiteTeam "Aue ESV Nickelhuette II"]
[BlackTeam "Reichenbrand SV Eiche"]
[WhiteTeamCountry "GER"]
[BlackTeamCountry "GER"]

1. d4 Nf6 2. c4 e6 3. Nf3 b6 4. g3 Bb4+ 5. Bd2 Be7 6. Bg2 Ba6 7. Ne5 c6 8. O-O O-O 9. Qa4 b5 10. Qc2 bxc4 11. Nxc4 d5 12. Ba5 Qc8 13. Ne5 c5 14. Rc1 cxd4 15. Qd2 Qe8 16. Qxd4 Bxe2 17. Nc3 Ba6 18. Nxd5 Nxd5 19. Bxd5 exd5 20. Qxd5 Qb5 21. Qxa8 Qxa5 22. Qxa7 Qxe5 23. Re1 Bc5 24. Rxe5 Bxa7 25. Re7 Bd4 26. Rb1 Rc8 27. b4 Kf8 28. Ree1 Rc2 29. b5 Bxf2+ 30. Kf1 Bxe1 31. bxa6 Nxa6 32. Kxe1 Rxh2 33. Rb6 Rxa2 34. Kf1 g6 0-1